<?xml version="1.0" encoding="UTF-8"?><?xml-stylesheet type="text/xsl" href="static/style.xsl"?><OAI-PMH xmlns="http://www.openarchives.org/OAI/2.0/" xmlns:xsi="http://www.w3.org/2001/XMLSchema-instance" xsi:schemaLocation="http://www.openarchives.org/OAI/2.0/ http://www.openarchives.org/OAI/2.0/OAI-PMH.xsd"><responseDate>2026-04-27T13:08:00Z</responseDate><request verb="GetRecord" identifier="oai:uvadoc.uva.es:10324/82152" metadataPrefix="marc">https://uvadoc.uva.es/oai/request</request><GetRecord><record><header><identifier>oai:uvadoc.uva.es:10324/82152</identifier><datestamp>2026-01-26T20:06:02Z</datestamp><setSpec>com_10324_38</setSpec><setSpec>col_10324_852</setSpec></header><metadata><record xmlns="http://www.loc.gov/MARC21/slim" xmlns:doc="http://www.lyncode.com/xoai" xmlns:xsi="http://www.w3.org/2001/XMLSchema-instance" xmlns:dcterms="http://purl.org/dc/terms/" xsi:schemaLocation="http://www.loc.gov/MARC21/slim http://www.loc.gov/standards/marcxml/schema/MARC21slim.xsd">
<leader>00925njm 22002777a 4500</leader>
<datafield tag="042" ind1=" " ind2=" ">
<subfield code="a">dc</subfield>
</datafield>
<datafield tag="720" ind1=" " ind2=" ">
<subfield code="a">Carral Parrado, Alexandre</subfield>
<subfield code="e">author</subfield>
</datafield>
<datafield tag="260" ind1=" " ind2=" ">
<subfield code="c">2025</subfield>
</datafield>
<datafield tag="520" ind1=" " ind2=" ">
<subfield code="a">Este trabajo analiza al Laboratorio de Cine de la asociación Pajarillos Educa como una&#xd;
herramienta socioeducativa en un contexto urbano vulnerable como lo es la barriada del&#xd;
29 de Octubre de Valladolid. A través de un papel observador y activo del autor en la&#xd;
entidad, de encuestas realizadas a los alumnos del taller y de entrevistas a dos&#xd;
trabajadoras relacionadas con el laboratorio, se valora la repercusión del cine como&#xd;
medida para fomentar la cohesión social y la participación ciudadana. Además, se&#xd;
plantea el cine como una forma de expresión cultural y social, llevándolo más allá del&#xd;
ocio, teniendo en cuenta la situación socioeconómica y educativa del entorno.</subfield>
</datafield>
<datafield tag="520" ind1=" " ind2=" ">
<subfield code="a">This paper analyses the Pajarillos Educa Association’s Cinema Laboratory as a socioeducational tool in an urban context vulnerable as is the neighbourhood of 29 de&#xd;
Octubre, Valladolid. The impact of cinema as a measure to promote social cohesion and&#xd;
citizen participation is assessed through an observer and active role of the author in the&#xd;
institution, surveys carried out among the workshop students and interviews with two&#xd;
workers related to the laboratory. In addition, cinema is considered as a form of cultural&#xd;
and social expression, taking it beyond leisure, considering the socio-economic and&#xd;
educational situation of the environment.</subfield>
</datafield>
<datafield tag="024" ind2=" " ind1="8">
<subfield code="a">https://uvadoc.uva.es/handle/10324/82152</subfield>
</datafield>
<datafield tag="245" ind1="0" ind2="0">
<subfield code="a">Laboratorio de Cine de Pajarillos Educa: una herramienta contra la exclusión</subfield>
</datafield>
</record></metadata></record></GetRecord></OAI-PMH>